logo

Bir Sreshtho Munshi Abdur Rouf Library
Jhenaidah Cadet College

The National Geographic Society : (Record no. 14358)

MARC details
000 -LEADER
fixed length control field 00584nam a2200205 a 4500
001 - CONTROL NUMBER
JCCL Control Number 14358
003 - CONTROL NUMBER IDENTIFIER
JCCL marc code BD-JhCC
005 - DATE AND TIME OF LATEST TRANSACTION
control field 20250313101711.0
008 - FIXED-LENGTH DATA ELEMENTS--GENERAL INFORMATION
fixed length control field 250313b1997 enka|||| ||a| 000 0 eng d
020 ## - INTERNATIONAL STANDARD BOOK NUMBER
International Standard Book Number 0792270800
035 ## - SYSTEM CONTROL NUMBER
system control number (BD-JhCC)14358
040 ## - CATALOGING SOURCE
Original cataloging agency BD-JhCC
Modifying agency BD-JhCC
041 ## - LANGUAGE CODE
Language code of Book English
082 ## - DEWEY DECIMAL CLASSIFICATION NUMBER
Classification number 910.5
Author mark and Year BRY 1997
100 ## - MAIN ENTRY--PERSONAL NAME
Personal name Bryan,C. D. B.
245 ## - TITLE STATEMENT
Title The National Geographic Society :
Remainder of title 100 years of adventure and discovery /
Statement of responsibility, etc C. D. B. Bryan.
300 ## - PHYSICAL DESCRIPTION
Pagination 528 p. :
Other physical details ill;
Dimensions 30 cm
650 ## - SUBJECT ADDED ENTRY--TOPICAL TERM
Topical term or geographic name as entry element Geography
Geographic subdivision Geography Periodicals History
942 ## - ADDED ENTRY ELEMENTS (KOHA)
Source of classification or shelving scheme Dewey Decimal Classification
Koha item type Books
Holdings
Source of classification or shelving scheme Damaged status Not for loan Home library Current library Shelving location Date of accession Total Checkouts Full call number Barcode Date last seen Copy number Method of acquisition Koha item type Currency
Dewey Decimal Classification     JCC Rouf Library JCC Rouf Library General Stacks     910.5 BRY 1997 18662 03/13/2025 C-1 Exchange Books BDT

JCC Library | Contacts | JCC Home

Last Update on 23 September 2017
Copyright @ 2017-2020 JCC Rouf Library
Rouf Library, Jhenidah Cadet College (JCC), Bangladesh